General Chemistry : (Record no. 17049)
[ view plain ]
| 000 -LEADER | |
|---|---|
| fixed length control field | 01044pam a2200313 i 4500 |
| 001 - CONTROL NUMBER | |
| control field | 015653370 |
| 003 - CONTROL NUMBER IDENTIFIER | |
| control field | EG-ScBUE |
| 005 - DATE AND TIME OF LATEST TRANSACTION | |
| control field | 20250730103449.0 |
| 008 - FIXED-LENGTH DATA ELEMENTS--GENERAL INFORMATION | |
| fixed length control field | 100917s2011 nyua f 001 0 eng d |
| 020 ## - INTERNATIONAL STANDARD BOOK NUMBER | |
| International Standard Book Number | 0071313680 (pbk.) : |
| 020 ## - INTERNATIONAL STANDARD BOOK NUMBER | |
| International Standard Book Number | 9780071313681 (pbk.) : |
| 040 ## - CATALOGING SOURCE | |
| Original cataloging agency | EG-ScBUE |
| Language of cataloging | eng |
| Description conventions | rda |
| Transcribing agency | EG-ScBUE |
| Modifying agency | EG-ScBUE |
| 082 04 - DEWEY DECIMAL CLASSIFICATION NUMBER | |
| Classification number | 540 |
| Edition number | 22 |
| Item number | CHA |
| 100 1# - MAIN ENTRY--PERSONAL NAME | |
| Personal name | Chang, Raymond, |
| Relator term | author. |
| 9 (RLIN) | 31039 |
| 245 10 - TITLE STATEMENT | |
| Title | General Chemistry : |
| Remainder of title | the essential concepts / |
| Statement of responsibility, etc | Raymond Chang, Williams College, Jason Overby, the College of Charleston. |
| 250 ## - EDITION STATEMENT | |
| Edition statement | Sixth edition. |
| 250 ## - EDITION STATEMENT | |
| Edition statement | International edition. |
| 264 #1 - PUBLICATION, DISTRIBUTION, ETC. (IMPRINT) | |
| Place of publication, distribution, etc | New York : |
| Name of publisher, distributor, etc | McGraw-Hill, |
| Date of publication, distribution, etc | 2011. |
| 300 ## - PHYSICAL DESCRIPTION | |
| Extent | 1 volume (various pagings) : |
| Other physical details | illustrations ; |
| Dimensions | 26 cm |
| 336 ## - CONTENT TYPE | |
| Source | rdacontent |
| Content type term | text |
| Content type code | txt |
| 337 ## - MEDIA TYPE | |
| Media type term | unmediated |
| Source | rdamedia |
| Media type code | n |
| 338 ## - CARRIER TYPE | |
| Carrier type term | volume |
| Carrier type code | nc |
| Source | rdacarrier |
| 500 ## - GENERAL NOTE | |
| General note | Includes index. |
| 650 #7 - SUBJECT ADDED ENTRY--TOPICAL TERM | |
| Topical term or geographic name as entry element | Chemistry. |
| Source of heading or term | BUEsh |
| 9 (RLIN) | 31040 |
| 653 ## - INDEX TERM--UNCONTROLLED | |
| Arrived date list | October2012 |
| 655 ## - INDEX TERM--GENRE/FORM | |
| Form subdivision | Reading book |
| 700 1# - ADDED ENTRY--PERSONAL NAME | |
| Personal name | Overby, Jason Scott, |
| Dates associated with a name | 1970- |
| Relator term | author. |
| 9 (RLIN) | 31041 |
| 942 ## - ADDED ENTRY ELEMENTS (KOHA) | |
| Source of classification or shelving scheme | Dewey Decimal Classification |
| Koha item type | Book - Borrowing |
| Withdrawn status | Lost status | Source of classification or shelving scheme | Materials specified (bound volume or other part) | Damaged status | Not for loan | Collection code | Home library | Current library | Shelving location | Date acquired | Source of acquisition | Serial Enumeration / chronology | Total Checkouts | Full call number | Barcode | Date last seen | Price effective from | Koha item type | Total Renewals | Date checked out |
|---|---|---|---|---|---|---|---|---|---|---|---|---|---|---|---|---|---|---|---|---|
| Lost | Dewey Decimal Classification | Lost In Inventory_2015-8-23 | Baccah | Central Library | Central Library | First floor | 03/10/2012 | 3 | 540 CHA | 000027530 | 23/06/2013 | 03/10/2012 | NB - Book (Non borrowing) | |||||||
| Dewey Decimal Classification | Baccah | Central Library | Central Library | First floor | 03/10/2012 | 3 | 7 | 540 CHA | 000027534 | 15/07/2025 | 03/10/2012 | Book - Borrowing | 48 | 05/10/2016 | ||||||
| Dewey Decimal Classification | Baccah | Central Library | Central Library | First floor | 03/10/2012 | Purchase | 3 | 7 | 540 CHA | 000027535 | 08/10/2025 | Book - Borrowing | 42 | 01/10/2025 | ||||||
| Dewey Decimal Classification | Baccah | Central Library | Central Library | First floor | 03/10/2012 | 3 | 6 | 540 CHA | 000027536 | 08/10/2025 | 03/10/2012 | Book - Borrowing | 52 | 01/10/2025 | ||||||
| Dewey Decimal Classification | Baccah | Central Library | Central Library | First floor | 03/10/2012 | 3 | 12 | 540 CHA | 000027537 | 15/07/2025 | 03/10/2012 | Book - Borrowing | 78 | 01/03/2018 | ||||||
| Dewey Decimal Classification | Central Library | Central Library | First floor | 03/04/2018 | Donation | 1 | 540 CHA | 000047555 | 15/07/2025 | Book - Borrowing | 25 | 22/10/2019 |